[Event "Over The Hill Gang"]
[Site "SchemingMind.com"]
[Date "2014.11.03"]
[Round "-"]
[White "Robert Bruce"]
[Black "William Lindberg"]
[Result "0-1"]
[WhiteCountry "SCO"]
[BlackCountry "USA"]
[WhiteElo "2149"]
[WhiteRD "67"]
[BlackElo "2181"]
[BlackRD "66"]
[GameID "368184"]

1. d4 Nf6 2. c4 e6 3. Nc3 d5 4. cxd5 exd5 5. Bg5 c6 6. e3 Bd6 7. Bd3 h6 8. Bh4 O-O 9. Nge2 Re8 10. Qc2 Be6
11. f3 Nbd7 12. e4 dxe4 13. fxe4 c5 14. e5 cxd4 15. exf6 Nxf6 16. Nb5 Qa5+ 17. Kf1 Ng4 18. Nxd6 Ne3+
0-1

[Event "Over The Hill Gang"]
[Site "SchemingMind.com"]
[Date "2014.11.07"]
[Round "-"]
[White "William Lindberg"]
[Black "Robert Bruce"]
[Result "1/2-1/2"]
[WhiteCountry "USA"]
[BlackCountry "SCO"]
[WhiteElo "2176"]
[WhiteRD "65"]
[BlackElo "2142"]
[BlackRD "66"]
[GameID "368185"]

1. Nf3 d5 2. d4 c6 3. Nc3 Bf5 4. Nh4 Bg4 5. h3 Bh5 6. Nf3 Bxf3 7. gxf3 Nd7 8. e4 dxe4 9. fxe4 e5 10. Be3 Bb4
11. Rg1 Qa5 12. Qd3 Ngf6 13. O-O-O Bxc3 14. Qxc3 Qxc3 15. bxc3 Nxe4 16. Rxg7 Nxc3 17. Re1 O-O-O 18. dxe5 Nxe5 19. Bxa7 Rhe8 20. f4 Nd3+
21. Bxd3 Rxe1+ 22. Kd2 Nb5 23. Kxe1 Nxa7 24. Rxf7 h6 25. a4 Rd4 26. f5 c5 27. f6 Rf4 28. Kd2 Nc6 29. Ke3 Rf3+ 30. Kxf3 Ne5+
31. Ke4 Nxf7 32. Kd5 Kd7 33. Bb5+ Kd8 34. h4 Nh8=
1/2-1/2

[Event "Over The Hill Gang"]
[Site "SchemingMind.com"]
[Date "2014.11.02"]
[Round "-"]
[White "Ragusin"]
[Black "Robert Bruce"]
[Result "0-1"]
[WhiteCountry "CRO"]
[BlackCountry "SCO"]
[WhiteElo "1722"]
[WhiteRD "121"]
[BlackElo "2142"]
[BlackRD "66"]
[GameID "368191"]

1. d4 Nf6 2. c4 c5 3. Nf3 cxd4 4. Nxd4 e5 5. Nb5 d5 6. cxd5 Bc5 7. N5c3 O-O 8. g3 Ng4 9. e3 f5 10. Be2 Nf6
0-1

[Event "Over The Hill Gang"]
[Site "SchemingMind.com"]
[Date "2014.11.03"]
[Round "-"]
[White "William Lindberg"]
[Black "Ragusin"]
[Result "1-0"]
[WhiteCountry "USA"]
[BlackCountry "CRO"]
[WhiteElo "2123"]
[WhiteRD "69"]
[BlackElo "1795"]
[BlackRD "160"]
[GameID "368192"]

1. e4 e5 2. Nf3 Nc6 3. Bc4 Bc5 4. O-O Nf6 5. Nc3 d6 6. d3 Bg4 7. h3 Bh5 8. Nd5 Nxd5 9. Bxd5 Rb8 10. a3 Nd4
11. g4 Nxf3+ 12. Qxf3 Bg6 13. g5 c6 14. Ba2 f6 15. Qg4 Bf7 16. Bxf7+ Kxf7 17. Kg2 d5 18. f4 Bd6 19. fxe5 Bxe5 20. d4 Bxd4
21. Bf4 h5 22. gxh6 Rxh6 23. Bxh6 gxh6 24. Rad1 Bxb2 25. exd5 cxd5 26. Qh5+ Ke7 27. Rfe1+ Kd6 28. Qxd5+
1-0

[Event "Over The Hill Gang"]
[Site "SchemingMind.com"]
[Date "2014.11.03"]
[Round "-"]
[White "Ragusin"]
[Black "William Lindberg"]
[Result "0-1"]
[WhiteCountry "CRO"]
[BlackCountry "USA"]
[WhiteElo "1795"]
[WhiteRD "160"]
[BlackElo "2123"]
[BlackRD "69"]
[GameID "368193"]

1. d4 d5 2. c4 e6 3. Nf3 Nf6 4. g3 dxc4 5. Bg2 Nc6 6. Qa4 Rb8 7. Ne5 Qxd4 8. Nxc6 bxc6 9. Qxc6+ Bd7 10. Qxc7 Bb4+
11. Bd2 Rc8 12. Qf4 Qxb2 13. Bxb4 Qxb4+ 14. Nd2 O-O 15. O-O e5 16. a3 Qc5 17. Qf3 c3 18. Rfc1 Be6 19. Ne4 Nxe4 20. Qxe4 Rfd8
0-1

[Event "Over The Hill Gang"]
[Site "SchemingMind.com"]
[Date "2014.11.08"]
[Round "-"]
[White "Kenny Elliott"]
[Black "Robert Bruce"]
[Result "0-1"]
[WhiteCountry "USA"]
[BlackCountry "SCO"]
[WhiteElo "1635"]
[WhiteRD "75"]
[BlackElo "2142"]
[BlackRD "66"]
[GameID "368348"]

1. d4 d5 2. c4 e6 3. Nc3 c5 4. e3 Nf6 5. Nf3 a6 6. Bd3 dxc4 7. Bxc4 b5 8. Be2 Bb7 9. O-O Nbd7 10. Qd3 b4
11. Na4 Be7 12. a3 O-O 13. axb4 cxb4 14. b3 Be4 15. Qd2 Qc7 16. Bb2 Qb7 17. Qd1 Rfc8 18. Bc4 Ne8 19. Qe2 Nd6 20. Nc5 Nxc5
21. dxc5 Nxc4 22. bxc4 Rxc5 23. Bd4 Bxf3 24. gxf3 Rg5+ 25. Kh1 a5 26. Rg1 a4 27. Rxg5 Bxg5 28. Kg1 a3 29. f4 Bf6 30. Bxf6 gxf6
31. Qg4+ Kh8 32. c5 Rg8 33. Qxg8+ Kxg8 34. Rc1 b3 35. c6 b2 36. cxb7 bxc1=Q+ 37. Kg2 Qc6+
0-1

[Event "Over The Hill Gang"]
[Site "SchemingMind.com"]
[Date "2014.11.08"]
[Round "-"]
[White "Robert Bruce"]
[Black "Kenny Elliott"]
[Result "1-0"]
[WhiteCountry "SCO"]
[BlackCountry "USA"]
[WhiteElo "2142"]
[WhiteRD "66"]
[BlackElo "1635"]
[BlackRD "75"]
[GameID "368349"]

1. c4 Nf6 2. g3 e5 3. Bg2 Bc5 4. Nc3 Nc6 5. e3 O-O 6. Nge2 d6 7. O-O Be6 8. d4 exd4 9. exd4 Bb4 10. d5 Bxd5
11. Nxd5 Bc5 12. Bg5 Ne5 13. b4 Bb6 14. Bxf6 gxf6 15. Nd4 Nxc4 16. Qg4+ Kh8 17. Nf5 Rg8 18. Qxc4 c6 19. Nxb6 axb6 20. Qxf7 d5
21. Qxb7 d4 22. Nh6 Rg7 23. Nf7+ Rxf7 24. Qxf7 d3 25. b5
1-0

[Event "Over The Hill Gang"]
[Site "SchemingMind.com"]
[Date "2014.11.03"]
[Round "-"]
[White "Kenny Elliott"]
[Black "William Lindberg"]
[Result "0-1"]
[WhiteCountry "USA"]
[BlackCountry "USA"]
[WhiteElo "1598"]
[WhiteRD "77"]
[BlackElo "2123"]
[BlackRD "69"]
[GameID "368350"]

1. d4 Nf6 2. c4 e6 3. Nc3 d5 4. Bg5 Be7 5. Nf3 O-O 6. e3 h6 7. Bh4 Nbd7 8. cxd5 Nxd5 9. Bxe7 Qxe7 10. Bc4 Nxc3
11. bxc3 b6 12. O-O Bb7 13. Qd3 Bxf3 14. gxf3 Rac8 15. f4 c5 16. Ba6 Rc7 17. Kh1 Rd8 18. f5 cxd4 19. fxe6 Nc5 20. exf7+ Qxf7
21. Qd2 Qf3+ 22. Kg1 Rc6 23. Be2 Rg6#
0-1

[Event "Over The Hill Gang"]
[Site "SchemingMind.com"]
[Date "2014.11.04"]
[Round "-"]
[White "William Lindberg"]
[Black "Kenny Elliott"]
[Result "1-0"]
[WhiteCountry "USA"]
[BlackCountry "USA"]
[WhiteElo "2123"]
[WhiteRD "69"]
[BlackElo "1598"]
[BlackRD "77"]
[GameID "368351"]

1. e4 c5 2. Nf3 d6 3. Bb5+ Bd7 4. Bxd7+ Nxd7 5. Nc3 e5 6. O-O Ngf6 7. d3 Be7 8. Nh4 Qb6 9. Nf5 Bd8 10. Nxg7+ Kf8
11. Nf5 Rg8 12. h4 Ne8 13. Nd5 Qc6 14. Bh6+ Ng7 15. Nxg7 Rxg7 16. Qg4 Bf6 17. Nxf6 Nxf6 18. Qxg7+ Ke7 19. Bg5 d5 20. exd5 Qd6
21. Rfe1 Rg8 22. Bxf6+ Qxf6 23. Rxe5+
1-0

[Event "Over The Hill Gang"]
[Site "SchemingMind.com"]
[Date "2014.11.04"]
[Round "-"]
[White "Kenny Elliott"]
[Black "Ragusin"]
[Result "1-0"]
[WhiteCountry "USA"]
[BlackCountry "CRO"]
[WhiteElo "1635"]
[WhiteRD "75"]
[BlackElo "1722"]
[BlackRD "121"]
[GameID "368352"]

1. d4 Nf6 2. c4 e6 3. Nc3 Bb4 4. Bd2 O-O 5. Nf3 b6 6. a3 Be7 7. e4 d6 8. Bd3 c5 9. d5 exd5 10. exd5 Bg4
11. O-O Nbd7 12. h3 Bxf3 13. Qxf3 Ne5 14. Qe3 Nxd3 15. Qxd3 Re8 16. Rfe1 Bf8 17. Bg5 h6 18. Bh4 g5 19. Bg3 Rxe1+ 20. Rxe1 Qd7
21. Qb1 Re8 22. b4 Rxe1+ 23. Qxe1 Qe8 24. Qb1 cxb4 25. axb4 Qe7 26. Nb5 Ne4 27. Qd3 Nxg3 28. fxg3 a6 29. Nd4 Qe1+ 30. Kh2 Qxb4
31. Nc6 Qb2 32. Qe4
1-0

[Event "Over The Hill Gang"]
[Site "SchemingMind.com"]
[Date "2014.11.04"]
[Round "-"]
[White "Ragusin"]
[Black "Kenny Elliott"]
[Result "1-0"]
[WhiteCountry "CRO"]
[BlackCountry "USA"]
[WhiteElo "1795"]
[WhiteRD "160"]
[BlackElo "1598"]
[BlackRD "77"]
[GameID "368353"]

1. c4 c5 2. Nf3 Nf6 3. d4 cxd4 4. Nxd4 e5 5. Nb5 a6 6. N5c3 Bc5 7. Bg5 d6 8. g3 Bf5 9. Bg2 Ra7 10. Qa4+ Nbd7
11. Nd5 O-O 12. e4 Bd4 13. Nbc3 Bxc3+ 14. Nxc3 Nc5 15. Qc2 h6 16. Bxf6 Qxf6 17. exf5 b6 18. Nd5 Qd8 19. b4 Nd7 20. O-O Nf6
21. Rac1 Nxd5 22. cxd5 Rc7 23. Qxc7
1-0

[Event "Over The Hill Gang"]
[Site "SchemingMind.com"]
[Date "2014.11.05"]
[Round "-"]
[White "Kenny Elliott"]
[Black "bobbassbone"]
[Result "0-1"]
[WhiteCountry "USA"]
[BlackCountry "ENG"]
[WhiteElo "1571"]
[WhiteRD "76"]
[BlackElo "1566"]
[BlackRD "55"]
[GameID "368405"]

1. d4 c6 2. e4 d5 3. exd5 cxd5 4. Nf3 Bg4 5. Be2 e6 6. Nc3 Nf6 7. Bg5 Be7 8. h3 Bxf3 9. Bxf3 Nc6 10. O-O Qb6
11. Rb1 Qxd4 12. Nb5 Qb6 13. Bxf6 Bxf6 14. Nd6+ Ke7 15. c4 Kxd6 16. cxd5 exd5 17. Qxd5+ Kc7 18. Qxf7+ Ne7 19. Rfc1+ Kb8 20. Bg4 a6
21. Rc2 Ka7 22. b3 Rhf8 23. Qc4 Rac8 24. Bxc8 Rxc8 25. Qe2 Rxc2 26. Qxc2 h6 27. a4 Nc6 28. Qc4 Na5 29. Qd5 Bd4 30. Qf3 Nc4
31. Qe2 Na5 32. b4 Nc6 33. a5 Qb5 34. Qd2 Qe5 35. Qd3 Qd6 36. b5 Bxf2+ 37. Kxf2 Qxd3 38. bxc6 Qxb1
0-1

[Event "Over The Hill Gang"]
[Site "SchemingMind.com"]
[Date "2014.11.05"]
[Round "-"]
[White "bobbassbone"]
[Black "Kenny Elliott"]
[Result "0-1"]
[WhiteCountry "ENG"]
[BlackCountry "USA"]
[WhiteElo "1590"]
[WhiteRD "56"]
[BlackElo "1598"]
[BlackRD "77"]
[GameID "368406"]

1. d4 d5 2. Bf4 Nf6 3. e3 Bf5 4. c3 e6 5. Nf3 Bd6 6. Bg3 Ne4 7. Bd3 Nc6 8. Qb3 Bxg3 9. hxg3 Rb8 10. Bb5 O-O
11. Bxc6 bxc6 12. Qa3 Qf6 13. Nbd2 Nxd2 14. Kxd2 Be4 15. b4 Bxf3 16. gxf3 Qxf3 17. Rh2 Rbe8 18. Rah1 h6 19. Qc1 e5 20. dxe5 Rxe5
21. Qd1 Qe4 22. Rh4 Qh7 23. Qg4 Re6 24. f4 f5 25. Qh3 Rfe8 26. Rh5 Rxe3 27. Rxf5 Re2+ 28. Kd1 Rxa2 29. Rg5 Qc2#
0-1

[Event "Over The Hill Gang"]
[Site "SchemingMind.com"]
[Date "2014.11.09"]
[Round "-"]
[White "bobbassbone"]
[Black "Robert Bruce"]
[Result "0-1"]
[WhiteCountry "ENG"]
[BlackCountry "SCO"]
[WhiteElo "1566"]
[WhiteRD "55"]
[BlackElo "2149"]
[BlackRD "67"]
[GameID "368407"]

1. d4 Nf6 2. Bf4 g6 3. e3 Bg7 4. c3 O-O 5. Nf3 d6 6. Nbd2 Nbd7 7. h3 c5 8. Be2 a6 9. g4 e5 10. Bh2 Re8
11. g5 e4 12. gxf6 exf3 13. Bxf3 Nxf6 14. Qc2 cxd4 15. cxd4 Bxh3 16. Rg1 d5 17. Qb3 Qd7 18. Rc1 Rac8 19. Rg3 Rxc1+
0-1

[Event "Over The Hill Gang"]
[Site "SchemingMind.com"]
[Date "2014.11.09"]
[Round "-"]
[White "Robert Bruce"]
[Black "bobbassbone"]
[Result "1-0"]
[WhiteCountry "SCO"]
[BlackCountry "ENG"]
[WhiteElo "2149"]
[WhiteRD "67"]
[BlackElo "1566"]
[BlackRD "55"]
[GameID "368408"]

1. c4 c6 2. g3 d5 3. Nf3 Nf6 4. Bg2 dxc4 5. O-O Bg4 6. Na3 e6 7. Nxc4 Bxf3 8. Bxf3 Bb4 9. Qb3 Bc5 10. Qxb7 Nbd7
11. d4 Bb6 12. Qxc6 O-O 13. Qxa8 Qxa8 14. Bxa8 Rxa8 15. Nxb6 axb6 16. Bg5 h6 17. Bxf6 Nxf6 18. Rfc1
1-0

[Event "Over The Hill Gang"]
[Site "SchemingMind.com"]
[Date "2014.11.05"]
[Round "-"]
[White "bobbassbone"]
[Black "William Lindberg"]
[Result "0-1"]
[WhiteCountry "ENG"]
[BlackCountry "USA"]
[WhiteElo "1590"]
[WhiteRD "56"]
[BlackElo "2123"]
[BlackRD "69"]
[GameID "368409"]

1. d4 Nf6 2. Bf4 Nc6 3. e3 e6 4. c3 h6 5. Nd2 d6 6. h3 e5 7. dxe5 dxe5 8. Bh2 Bf5 9. Ngf3 e4 10. Nd4 Nxd4
11. exd4 Bd6 12. Qb3 Bxh2 13. Rxh2 O-O 14. g4 Bh7 15. O-O-O c5 16. dxc5 Qc7 17. Rh1 Qf4 18. Bc4 Qxf2 19. Rdf1 Qxc5 20. Re1 Rac8
21. Rhf1 e3 22. Nf3 Qxc4 23. Qxc4 Rxc4 24. Rxe3 Nd5 25. Re5 Nf4 26. Nd2 Nd3+ 27. Kd1 Nxe5 28. Nxc4 Nxc4
0-1

[Event "Over The Hill Gang"]
[Site "SchemingMind.com"]
[Date "2014.11.05"]
[Round "-"]
[White "William Lindberg"]
[Black "bobbassbone"]
[Result "1-0"]
[WhiteCountry "USA"]
[BlackCountry "ENG"]
[WhiteElo "2123"]
[WhiteRD "69"]
[BlackElo "1590"]
[BlackRD "56"]
[GameID "368410"]

1. c4 c6 2. Nf3 d5 3. cxd5 cxd5 4. d4 Nf6 5. Nc3 Bd7 6. Bf4 e6 7. e3 Bb4 8. Bd3 Bxc3+ 9. bxc3 Nh5 10. Bd6 Nc6
11. O-O Nf6 12. Rb1 Bc8 13. Ba3 b6 14. Ne5 Nxe5 15. dxe5 Nd7 16. Qg4 g6 17. Bb5 a6 18. Bc6 Rb8 19. Bd6 Rb7 20. Bxd7+ Bxd7
21. c4 dxc4 22. Qf3 Qc8 23. Qf6
1-0

[Event "Over The Hill Gang"]
[Site "SchemingMind.com"]
[Date "2014.11.04"]
[Round "-"]
[White "bobbassbone"]
[Black "Ragusin"]
[Result "0-1"]
[WhiteCountry "ENG"]
[BlackCountry "CRO"]
[WhiteElo "1566"]
[WhiteRD "55"]
[BlackElo "1848"]
[BlackRD "144"]
[GameID "368411"]

1. d4 Nf6 2. Bf4 g6 3. e3 Bg7 4. c3 O-O 5. Nd2 d6 6. Ngf3 Nbd7 7. h3 Qe8 8. Be2 e5 9. dxe5 dxe5 10. Bg3 Nh5
11. Bh2 Nb6 12. O-O f5 13. Nc4 Nxc4 14. Bxc4+ Be6 15. Qb3 Bxc4 16. Qxc4+ Qf7 17. Qxf7+ Rxf7 18. Rad1 e4 19. Nd4 Bxd4 20. exd4 f4
21. g4 Ng7 22. d5 Ne8 23. c4 b6 24. Rfe1 Nd6 25. b3 g5 26. Rd4 Re8 27. Kf1 a5 28. Ke2 h5 29. Kd2 hxg4 30. hxg4 Rh7
31. Bg1 Rh4 32. f3 exf3 33. Rxe8+ Nxe8 34. Re4 Nd6 35. Re7 Rxg4 36. Bf2 Rg2 37. Ke1 g4 38. Rxc7 Ne4 39. Bxb6 f2+ 40. Kf1 Rg1+
0-1

[Event "Over The Hill Gang"]
[Site "SchemingMind.com"]
[Date "2014.11.04"]
[Round "-"]
[White "Ragusin"]
[Black "bobbassbone"]
[Result "1-0"]
[WhiteCountry "CRO"]
[BlackCountry "ENG"]
[WhiteElo "1848"]
[WhiteRD "144"]
[BlackElo "1566"]
[BlackRD "55"]
[GameID "368412"]

1. d4 c6 2. Nf3 d5 3. c4 Nf6 4. e3 Bg4 5. h3 Bxf3 6. Qxf3 e6 7. Bd3 Bb4+ 8. Nd2 Nbd7 9. a3 Bxd2+ 10. Bxd2 h6
11. O-O O-O 12. b4 dxc4 13. Bxc4 Nb6 14. Bb3 Qc7 15. Rac1 Qd6 16. a4 Nbd5 17. Bxd5 exd5 18. Rc2 Rfe8 19. Rfc1 Ne4 20. Be1 a6
21. Qe2 Rac8 22. b5 axb5 23. axb5 Qd7 24. bxc6 bxc6 25. Qa6 Re6 26. Qd3 Nd6 27. Re2 Rce8 28. Bb4 Nb7 29. Ra2 Nd6 30. Bxd6 Qxd6
31. Ra7 R6e7 32. Qa6 Rxa7 33. Qxa7 Rd8 34. Qb7 Rb8 35. Qxc6 Qxc6 36. Rxc6 Kh7 37. g4 f6 38. Rd6 Rb5 39. Kg2 Kg6 40. Kg3 Kf7
41. Rd7+ Kg6 42. Kf4 Ra5 43. h4 Kh7 44. h5 Rb5 45. Kf5 Rb2 46. f4 Rb5 47. Ke6 Kg8 48. Rxd5
1-0

[Event "Over The Hill Gang"]
[Site "SchemingMind.com"]
[Date "2014.11.07"]
[Round "-"]
[White "Kenny Elliott"]
[Black "Phillip Beckett"]
[Result "1/2-1/2"]
[WhiteCountry "USA"]
[BlackCountry "ENG"]
[WhiteElo "1571"]
[WhiteRD "76"]
[BlackElo "1567"]
[BlackRD "49"]
[GameID "368536"]

1. d4 d5 2. c4 e6 3. Nc3 Nf6 4. Bg5 Be7 5. Nf3 h6 6. Bh4 O-O 7. e3 Ne4 8. Bxe7 Qxe7 9. Qb3 Nxc3 10. Qxc3 c6
11. Bd3 dxc4 12. Qxc4 Nd7 13. O-O e5 14. Nxe5 Nxe5 15. Qc2 Nxd3 16. Qxd3 Be6 17. Rfe1 Qb4 18. b3 Rad8 19. a3 Qxb3 20. Qb1 Qxb1
21. Rexb1 Bc8 22. a4 Rd5 23. h3 c5 24. Rb5 b6 25. a5 Ba6 26. Rbb1 cxd4 27. axb6 axb6 28. Rxa6 dxe3 29. fxe3 Rfd8 30. Raxb6 Rd2
31. Rb7 Re2 32. Rf1 Rdd2 33. Rfxf7 Rxg2+ 34. Kf1 Rg3 35. Ke1 Rh2 36. Kf1 Rc2 37. e4 Rcg2 38. e5 Rg1+ 39. Kf2 R1g2+ 40. Kf1 Rg1+
41. Kf2 R1g2+=
1/2-1/2

[Event "Over The Hill Gang"]
[Site "SchemingMind.com"]
[Date "2014.11.07"]
[Round "-"]
[White "Phillip Beckett"]
[Black "Kenny Elliott"]
[Result "1-0"]
[WhiteCountry "ENG"]
[BlackCountry "USA"]
[WhiteElo "1567"]
[WhiteRD "49"]
[BlackElo "1571"]
[BlackRD "76"]
[GameID "368537"]

1. e4 c5 2. Nf3 d6 3. d4 cxd4 4. Nxd4 e5 5. Nb5 Nf6 6. N1c3 Nc6 7. Bg5 Be7 8. Bxf6 Bxf6 9. Nd5 a6 10. Nbc7+ Kf8
11. Nxa8 Be6 12. Nac7 Bxd5 13. Nxd5 Qa5+ 14. c3 Bg5 15. Be2 h5 16. O-O g6 17. g3 Qd8 18. h4 Bxh4 19. gxh4 Qxh4 20. Bf3 Qg5+
21. Bg2 h4 22. f4 Qh6 23. Qg4 Ne7 24. Nf6 Kg7 25. fxe5 Qe3+ 26. Kh2 dxe5 27. Rae1 Qh6 28. Bh3 Qd2+ 29. Bg2 h3 30. Re2 hxg2+
31. Kxg2 Qh6 32. Qg3 Nc6 33. Nd5 Qh5 34. Ref2 g5 35. Rxf7+ Qxf7 36. Rxf7+ Kxf7 37. Qf3+ Kg6 38. Qf6+ Kh7 39. Qxg5 Rg8 40. Nf6+
1-0

[Event "Over The Hill Gang"]
[Site "SchemingMind.com"]
[Date "2014.11.06"]
[Round "-"]
[White "Phillip Beckett"]
[Black "bobbassbone"]
[Result "0-1"]
[WhiteCountry "ENG"]
[BlackCountry "ENG"]
[WhiteElo "1540"]
[WhiteRD "50"]
[BlackElo "1590"]
[BlackRD "56"]
[GameID "368538"]

1. e4 c6 2. d4 d5 3. Nc3 dxe4 4. Nxe4 Bf5 5. Ng3 Bg6 6. Nf3 h6 7. c3 Nf6 8. Bd3 Bxd3 9. Qxd3 e6 10. O-O Bd6
11. Be3 Bxg3 12. fxg3 Nbd7 13. Bf4 Nc5 14. Qe2 Nce4 15. Ne5 O-O 16. Ng4 Nxg4 17. Qxe4 Nf6 18. Qe2 Qd5 19. Qe5 Rad8 20. Qxd5 Rxd5
21. Be5 Nd7 22. Rfe1 Nxe5 23. Rxe5 Rxe5 24. dxe5 Rd8 25. Rf1 Rd2 26. Rf2 Rd5 27. Re2 Kf8 28. Kf2 Ke7 29. Kf3 f6 30. exf6+ Kxf6
31. Ke3 Re5+ 32. Kf3 Rxe2 33. Kxe2 Kf5 34. Ke3 Ke5 35. g4 g5 36. g3 Kd5 37. h4 c5 38. b3 b5 39. Kd3 e5 40. Ke3 a5
41. a3 e4 42. Ke2 b4 43. cxb4 cxb4 44. axb4 axb4 45. Ke3 Ke5 46. h5 Kd5 47. Ke2 Kd4 48. Kd2 e3+
0-1

[Event "Over The Hill Gang"]
[Site "SchemingMind.com"]
[Date "2014.11.07"]
[Round "-"]
[White "bobbassbone"]
[Black "Phillip Beckett"]
[Result "1/2-1/2"]
[WhiteCountry "ENG"]
[BlackCountry "ENG"]
[WhiteElo "1590"]
[WhiteRD "56"]
[BlackElo "1540"]
[BlackRD "50"]
[GameID "368539"]

1. d4 d5 2. Bf4 Nf6 3. e3 e6 4. c3 c5 5. Nd2 Nc6 6. h3 Bd6 7. Ngf3 Bxf4 8. exf4 cxd4 9. Nxd4 Nxd4 10. cxd4 Bd7
11. Nf3 O-O 12. Bd3 Qa5+ 13. Qd2 Qxd2+ 14. Kxd2 Rfc8 15. Rac1 Rxc1 16. Rxc1 Rc8 17. Rxc8+ Bxc8 18. Ne5 Nd7 19. Bb5 Nxe5 20. fxe5 a6
21. Bd3 Bd7 22. b4 h6 23. h4 f5 24. g3 g5 25. hxg5 hxg5 26. f4 gxf4 27. gxf4 Kg7 28. Ke3 Kh6 29. Kf3 Kh5 30. Kg3 Kh6
31. Kh4 Bc6=
1/2-1/2

[Event "Over The Hill Gang"]
[Site "SchemingMind.com"]
[Date "2014.11.09"]
[Round "-"]
[White "Phillip Beckett"]
[Black "Robert Bruce"]
[Result "0-1"]
[WhiteCountry "ENG"]
[BlackCountry "SCO"]
[WhiteElo "1567"]
[WhiteRD "49"]
[BlackElo "2149"]
[BlackRD "67"]
[GameID "368540"]

1. e4 Nf6 2. Nc3 e5 3. Bc4 Nxe4 4. Nxe4 d5 5. Bxd5 Qxd5 6. Nc3 Qxg2 7. Qf3 Qxf3 8. Nxf3 Nc6 9. d3 Bg4 10. Nd2 Nd4
11. O-O Nxc2 12. Rb1 O-O-O 13. f3 Bh3 14. Rf2 Bc5 15. Nde4 Bxf2+ 16. Nxf2 Bf5 17. Nfe4 Ne1 18. Bg5 Nxf3+ 19. Kf2 Rxd3 20. Be3 Nxh2
21. Ke2 Rxc3 22. bxc3 Bxe4 23. Rd1 Bf3+ 24. Kf2 Bxd1
0-1

[Event "Over The Hill Gang"]
[Site "SchemingMind.com"]
[Date "2014.11.10"]
[Round "-"]
[White "Robert Bruce"]
[Black "Phillip Beckett"]
[Result "1-0"]
[WhiteCountry "SCO"]
[BlackCountry "ENG"]
[WhiteElo "2149"]
[WhiteRD "67"]
[BlackElo "1567"]
[BlackRD "49"]
[GameID "368541"]

1. c4 e5 2. g3 d5 3. cxd5 Qxd5 4. Nf3 Nc6 5. Nc3 Qd8 6. Bg2 Nf6 7. O-O Be7 8. a3 O-O 9. b4 a6 10. d3 Bg4
11. Bb2 Nd5 12. Nxd5 Qxd5 13. Nxe5 Qe6 14. Nxg4 Qxg4 15. Rc1 f5 16. Bxc6 bxc6 17. Rxc6 f4 18. Rxc7 Bd6 19. Rxg7+ Qxg7 20. Bxg7 Kxg7
21. Qa4 fxg3 22. Qd7+ Rf7 23. Qxd6 gxf2+ 24. Rxf2
1-0

[Event "Over The Hill Gang"]
[Site "SchemingMind.com"]
[Date "2014.11.07"]
[Round "-"]
[White "Phillip Beckett"]
[Black "William Lindberg"]
[Result "0-1"]
[WhiteCountry "ENG"]
[BlackCountry "USA"]
[WhiteElo "1540"]
[WhiteRD "50"]
[BlackElo "2123"]
[BlackRD "69"]
[GameID "368542"]

1. e4 e5 2. Nf3 Nc6 3. Bb5 Nf6 4. d3 Bc5 5. O-O d6 6. c3 O-O 7. Nbd2 h6 8. h3 a6 9. Ba4 b5 10. Bc2 Re8
11. Re1 Ba7 12. a4 Be6 13. axb5 axb5 14. Nb3 Bxb3 15. Bxb3 Bxf2+ 16. Kxf2 Rxa1 17. Qe2 d5 18. exd5 e4 19. dxe4 Rxc1 20. Rxc1 Nxe4+
21. Kg1 Nxc3 22. Qd3 Ne2+
0-1

[Event "Over The Hill Gang"]
[Site "SchemingMind.com"]
[Date "2014.11.07"]
[Round "-"]
[White "William Lindberg"]
[Black "Phillip Beckett"]
[Result "1-0"]
[WhiteCountry "USA"]
[BlackCountry "ENG"]
[WhiteElo "2123"]
[WhiteRD "69"]
[BlackElo "1540"]
[BlackRD "50"]
[GameID "368543"]

1. c4 e5 2. Nc3 Nf6 3. e3 d5 4. cxd5 Nxd5 5. Nf3 Nc6 6. Bb5 Qd6 7. Qa4 Bd7 8. O-O Nb6 9. Qc2 a6 10. d4 exd4
11. Bxc6 Bxc6 12. Nxd4 Be7 13. Nf5 Qe6 14. Nxg7+
1-0

[Event "Over The Hill Gang"]
[Site "SchemingMind.com"]
[Date "2014.11.07"]
[Round "-"]
[White "Phillip Beckett"]
[Black "Ragusin"]
[Result "0-1"]
[WhiteCountry "ENG"]
[BlackCountry "CRO"]
[WhiteElo "1540"]
[WhiteRD "50"]
[BlackElo "1795"]
[BlackRD "160"]
[GameID "368544"]

1. e4 e5 2. Nf3 Nc6 3. Bb5 a6 4. Bxc6 dxc6 5. d4 exd4 6. Qxd4 Qxd4 7. Nxd4 Bd7 8. Be3 O-O-O 9. Nd2 Ne7 10. O-O-O c5
11. N4b3 b6 12. f3 h5 13. Nc4 Ng6 14. Bg5 f6 15. Be3 Be6 16. Ncd2 Be7 17. Nb1 Rxd1+ 18. Rxd1 h4 19. Nc3 Bd6 20. h3 Bf4
21. Bxf4 Nxf4 22. Rd2 Rh5 23. Nd5 Nxd5 24. exd5 Rxd5 25. Rxd5 Bxd5 26. Nd2 Kd7 27. a3 b5 28. Kd1 Kd6 29. Ke2 a5 30. Kf2 c4
31. Ke3 Ke6 32. Ne4 Bxe4 33. Kxe4 c5 34. c3 g5 35. Ke3 Kd5 36. f4 a4 37. fxg5 fxg5 38. Kf3 Ke5 39. Kg4 Kf6 40. g3 hxg3
41. Kxg3 Kf5 42. Kf3 Kg6 43. Kg4= b4 44. h4 gxh4 45. Kxh4 Kf5 46. Kg3 Ke4 47. Kf2 Kd3 48. cxb4 cxb4 49. axb4 c3 50. bxc3 a3
51. b5 a2 52. b6 a1=Q 53. b7 Qa7+
0-1

[Event "Over The Hill Gang"]
[Site "SchemingMind.com"]
[Date "2014.11.07"]
[Round "-"]
[White "Ragusin"]
[Black "Phillip Beckett"]
[Result "1-0"]
[WhiteCountry "CRO"]
[BlackCountry "ENG"]
[WhiteElo "1795"]
[WhiteRD "160"]
[BlackElo "1540"]
[BlackRD "50"]
[GameID "368545"]

1. d4 d5 2. c4 e6 3. Nf3 Nf6 4. Bg5 Be7 5. e3 h6 6. Bh4 O-O 7. Nc3 Ne4 8. Bxe7 Qxe7 9. Rc1 Nxc3 10. Rxc3 dxc4
11. Bxc4 c5 12. dxc5 Qxc5 13. Bxe6 Qxc3+ 14. bxc3 Bxe6 15. Qb1 b6 16. O-O Nc6 17. Nd4 Nxd4 18. cxd4 Rac8 19. Rc1 Rxc1+ 20. Qxc1 Rc8
21. Qb2 Bxa2 22. h4 Bb3 23. Qxb3
1-0

[Event "Over The Hill Gang"]
[Site "SchemingMind.com"]
[Date "2014.11.11"]
[Round "-"]
[White "Kenny Elliott"]
[Black "David Carter"]
[Result "0-1"]
[WhiteCountry "USA"]
[BlackCountry "USA"]
[WhiteElo "1571"]
[WhiteRD "76"]
[BlackElo "2040"]
[BlackRD "66"]
[GameID "368789"]

1. d4 d5 2. c4 c6 3. Nc3 e6 4. Nf3 dxc4 5. e3 b5 6. Bd2 Bb7 7. e4 Nf6 8. Bg5 h6 9. Bh4 g5 10. Bg3 Bb4
11. Be5 Nbd7 12. a3 Bxc3+ 13. bxc3 Nxe5 14. Nxe5 c5 15. f3 cxd4 16. cxd4 Qa5+ 17. Kf2 Rd8 18. Be2 Qc3 19. Nxc4 bxc4 20. Qa4+ Kf8
21. Qxa7 Qxd4+ 22. Qxd4 Rxd4 23. Rhb1 Bc6 24. Rb8+ Kg7 25. Rxh8 Kxh8 26. Ke3 e5 27. a4 Nd7 28. a5 Kg7 29. a6 Kf8 30. Ra5 f6
31. a7 Ba8 32. Ra4 Ke7 33. Rxc4 Rxc4 34. Bxc4 Nb6 35. Bb5 Kd6 36. g3 Nc8 37. f4 Nxa7 38. Be2 Kc5 39. Kf3 Kd4 40. Kg4 Bxe4
41. Kh5 exf4 42. gxf4 gxf4 43. h4 f3 44. Ba6 f2 45. Kxh6 Bd3
0-1

[Event "Over The Hill Gang"]
[Site "SchemingMind.com"]
[Date "2014.11.11"]
[Round "-"]
[White "David Carter"]
[Black "Kenny Elliott"]
[Result "1-0"]
[WhiteCountry "USA"]
[BlackCountry "USA"]
[WhiteElo "2117"]
[WhiteRD "76"]
[BlackElo "1598"]
[BlackRD "77"]
[GameID "368790"]

1. d4 d5 2. c4 e6 3. Nc3 Bb4 4. Nf3 Nf6 5. Bg5 Nc6 6. e3 O-O 7. Ne5 h6 8. Bh4 g5 9. Nxc6 Bxc3+ 10. bxc3 Qd6
11. Ne5 gxh4 12. c5 Qe7 13. Bd3 Kh8 14. Qf3 Nd7 15. Qf4 Nxe5 16. Qxh6+
1-0